000 00476nam a2200181Ia 4500
008 100920s9999 xx 000 0 und d
082 _b1785
_a5 थ 74
100 _aMITRA SAROJMOHAN.
245 _aMANIK BANDYOPADHYAY.
260 _bSAHITYA AKADEMI, NEW DELHI.
_c1974
300 _a84
_bसाधी
365 _b2.5
520 _aई.एल. ई.
630 _aMANIK BANDYOPADHYAY.
650 _aई.एल. ई.
730 _aMANIK BANDYOPADHYAY.
942 _cBOOK
999 _c672630
_d672627